000 00417cam a2200133 i 4500
020 _a9781622572069 (hardcover)
050 0 0 _aR853.H8
_bH86 2012
245 0 0 _aHuman subjects research :
_bprotecting participants /
_cJustin R. Ward and Larry O. Coleman, editors.
300 _a176 pages :
650 0 _xGovernment policy
650 0 _xMoral and ethical aspects
650 0 _xLegal status, laws, etc.
942 _2lcc
_cGEN
999 _c11735
_d11735